[Event "POR-Tch"]
[Site "Lisbon POR"]
[Date "2003.??.??"]
[Round "4.1"]
[White "Spraggett, Kevin"]
[Black "Campora, Daniel"]
[Result "1-0"]
[WhiteElo "2530"]
[BlackElo "2510"]
[PlyCount "87"]
[EventDate "2003.08.16"]
[EventType "team"]
[EventRounds "9"]
[EventCountry "POR"]
[Source "LesEchecs.com"]
[SourceDate "2003.03.18"]

1. e4 e6 2. d4 d5 3. Nc3 Bb4 4. e5 c5 5. a3 Bxc3+ 6. bxc3 Nc6 7. Nf3 Nge7 8.
Be2 Qc7 9. O-O Bd7 10. Re1 O-O-O 11. a4 f6 12. Bb5 Ng6 13. Bxc6 Qxc6 14. Ba3 b6
15. a5 fxe5 16. Nxe5 Nxe5 17. Rxe5 c4 18. axb6 axb6 19. Rb1 g6 20. h4 Kc7 21.
Qf3 Ra8 22. Qf4 Kb7 23. Bc5 Ra6 24. Qf7 Kc7 25. Bb4 b5 26. Qg7 Qa8 27. Re3 Qg8
28. Qe5+ Kc8 29. Rf3 Qe8 30. Qg7 Rg8 31. Qxh7 e5 32. dxe5 Rh8 33. Qg7 Rg8 34.
Qf7 Qxf7 35. Rxf7 g5 36. h5 g4 37. h6 Rxh6 38. Ra1 Bc6 39. Raa7 Rgh8 40. Kf1 d4
41. Rac7+ Kd8 42. Ba5 Rh1+ 43. Ke2 Bxg2 44. Rb7+ 1-0

[Event "POR-Tch"]
[Site "Lisbon POR"]
[Date "2003.??.??"]
[Round "9.1"]
[White "Rocha, Sergio"]
[Black "Spraggett, Kevin"]
[Result "1/2-1/2"]
[WhiteElo "2357"]
[BlackElo "2530"]
[PlyCount "22"]
[EventDate "2003.08.16"]
[EventType "team"]
[EventRounds "9"]
[EventCountry "POR"]
[Source "LesEchecs.com"]
[SourceDate "2003.03.18"]

1. d4 d5 2. c4 e6 3. Nc3 Nf6 4. Nf3 Be7 5. cxd5 exd5 6. Bg5 Nbd7 7. Qc2 c6 8.
e3 Nf8 9. Bd3 Ne6 10. Bh4 h6 11. O-O O-O 1/2-1/2

[Event "Carvalho Mem Masters"]
[Site "Maia POR"]
[Date "2003.06.23"]
[Round "1"]
[White "Fernandes, Antonio"]
[Black "Spraggett, Kevin"]
[Result "0-1"]
[WhiteElo "2478"]
[BlackElo "2526"]
[PlyCount "33"]
[EventDate "2003.06.23"]
[EventType "tourn"]
[EventRounds "9"]
[EventCountry "POR"]
[EventCategory "9"]
[Source "Mark Crowther"]
[SourceDate "2003.06.30"]

1. d4 f5 2. Nf3 Nf6 3. g3 g6 4. c4 Bg7 5. b4 c6 6. Bb2 d6 7. Bg2 Na6 8. a3 Nc7
9. O-O O-O 10. Nc3 Qe8 11. d5 Bd7 12. Nd4 Rc8 13. Rc1 e5 14. dxe6 Nxe6 15. e3
Ng4 16. Nce2 Ng5 17. h3 0-1

[Event "Carvalho Mem Masters"]
[Site "Maia POR"]
[Date "2003.06.24"]
[Round "3"]
[White "Fernando, Diogo"]
[Black "Spraggett, Kevin"]
[Result "1-0"]
[WhiteElo "2438"]
[BlackElo "2526"]
[PlyCount "81"]
[EventDate "2003.06.23"]
[EventType "tourn"]
[EventRounds "9"]
[EventCountry "POR"]
[EventCategory "9"]
[Source "Mark Crowther"]
[SourceDate "2003.06.30"]

1. e4 c5 2. Nf3 e6 3. c3 d5 4. e5 d4 5. Bd3 Nc6 6. O-O g5 7. Be4 g4 8. Bxc6+
bxc6 9. Ne1 h5 10. Qa4 Ne7 11. Na3 Nf5 12. d3 Be7 13. Nc4 Bd7 14. Bf4 Qb8 15.
Qd1 Bc8 16. Nc2 Ba6 17. N2a3 Bxc4 18. Nxc4 Qb5 19. Qe2 Kd7 20. Qe4 Rab8 21.
Rfc1 Rhg8 22. Rab1 h4 23. Bd2 Qa6 24. cxd4 cxd4 25. Na5 c5 26. b4 cxb4 27. Nc6
Rb5 28. Nxe7 Nxe7 29. Qxd4+ Nd5 30. Be3 Qb6 31. Qe4 Qb7 32. Qh7 Ne7 33. Qxh4
Rxe5 34. Bf4 Ng6 35. Qh7 Rf8 36. Bxe5 Nxe5 37. Qg7 Qb8 38. Rc5 Ng6 39. Qd4+ Ke7
40. Rxb4 Rd8 41. Qxg4 1-0

[Event "Carvalho Mem Masters"]
[Site "Maia POR"]
[Date "2003.06.27"]
[Round "6"]
[White "Galego, Luis"]
[Black "Spraggett, Kevin"]
[Result "0-1"]
[WhiteElo "2506"]
[BlackElo "2526"]
[PlyCount "94"]
[EventDate "2003.06.23"]
[EventType "tourn"]
[EventRounds "9"]
[EventCountry "POR"]
[EventCategory "9"]
[Source "Mark Crowther"]
[SourceDate "2003.06.30"]

1. e4 c5 2. Nf3 e6 3. Nc3 a6 4. g3 b5 5. Bg2 Bb7 6. d3 d6 7. O-O Be7 8. Nd2 Nc6
9. f4 Nf6 10. f5 b4 11. Na4 exf5 12. Rxf5 Ne5 13. a3 a5 14. b3 g6 15. Rf1 O-O
16. Nf3 Nfd7 17. Bh6 Re8 18. Nxe5 Nxe5 19. Nb2 Bf6 20. axb4 axb4 21. Rxa8 Bxa8
22. Nc4 Nxc4 23. bxc4 Bd4+ 24. Kh1 Qe7 25. Qd2 Bb7 26. h4 Ra8 27. Be3 Be5 28.
Bf4 f6 29. Bxe5 Qxe5 30. Qe3 Ra2 31. Rf2 Kg7 32. Kh2 h5 33. Bf3 Bc8 34. Bd1 Bd7
35. Kg2 Ra1 36. Rf1 Ba4 37. Qf3 Ra2 38. Rf2 Bd7 39. Qe3 Be6 40. Qf4 Ra3 41. Qd2
Rc3 42. Be2 Qd4 43. Qd1 Ra3 44. Rf1 Ra2 45. Rf2 Bh3+ 46. Kf3 Ra1 47. Qd2 Rg1
0-1

[Event "Carvalho Mem Masters"]
[Site "Maia POR"]
[Date "2003.06.28"]
[Round "7"]
[White "Spraggett, Kevin"]
[Black "Damaso, Rui"]
[Result "1-0"]
[WhiteElo "2526"]
[BlackElo "2423"]
[PlyCount "65"]
[EventDate "2003.06.23"]
[EventType "tourn"]
[EventRounds "9"]
[EventCountry "POR"]
[EventCategory "9"]
[Source "Mark Crowther"]
[SourceDate "2003.06.30"]

1. e4 e5 2. Nf3 Nc6 3. Bb5 a6 4. Ba4 Nf6 5. O-O Be7 6. Re1 b5 7. Bb3 O-O 8. a4
Bb7 9. d3 d6 10. Nbd2 Nd7 11. c3 Nc5 12. axb5 axb5 13. Rxa8 Bxa8 14. Bc2 Ne6
15. Nf1 Nb8 16. Ne3 Nd7 17. Nf5 Bf6 18. d4 g6 19. Nh6+ Kh8 20. Ng4 Bg7 21. dxe5
Nxe5 22. Ngxe5 dxe5 23. Qe2 c6 24. g3 Bb7 25. b4 Qe7 26. Bb3 Bc8 27. Be3 Rd8
28. Bb6 Re8 29. Ra1 Bb7 30. Ra7 Qd7 31. Qd2 Qc8 32. Bxe6 Rxe6 33. Rxb7 1-0

[Event "Santo Antonio"]
[Site "Santo Antonio POR"]
[Date "2003.05.19"]
[Round "1.1"]
[White "Rizouk, Aimen"]
[Black "Spraggett, Kevin"]
[Result "1/2-1/2"]
[WhiteElo "2499"]
[BlackElo "2526"]
[PlyCount "37"]
[EventDate "2003.05.19"]
[EventType "tourn"]
[EventRounds "9"]
[EventCountry "POR"]
[EventCategory "8"]
[Source "ChessBase"]
[SourceDate "2003.07.09"]

1. e4 c5 2. Nf3 e6 3. d4 cxd4 4. Nxd4 a6 5. Nc3 b5 6. Bd3 d6 7. O-O Nf6 8. Re1
Be7 9. a4 b4 10. Na2 a5 11. Qf3 Bb7 12. c3 bxc3 13. Bb5+ Nbd7 14. Nxc3 Rc8 15.
Qg3 O-O 16. Bh6 Nh5 17. Qh3 Nhf6 18. Qg3 Nh5 19. Qh3 1/2-1/2

[Event "Santo Antonio"]
[Site "Santo Antonio POR"]
[Date "2003.05.21"]
[Round "3.1"]
[White "Damaso, Rui"]
[Black "Spraggett, Kevin"]
[Result "1/2-1/2"]
[WhiteElo "2423"]
[BlackElo "2526"]
[PlyCount "32"]
[EventDate "2003.05.19"]
[EventType "tourn"]
[EventRounds "9"]
[EventCountry "POR"]
[EventCategory "8"]
[Source "ChessBase"]
[SourceDate "2003.07.09"]

1. Nf3 f5 2. c4 Nf6 3. g3 g6 4. Bg2 Bg7 5. O-O O-O 6. d4 d6 7. Nc3 c6 8. b3 Qa5
9. Bd2 Qc7 10. d5 Na6 11. Nd4 Bd7 12. Rc1 Nc5 13. b4 Nce4 14. dxc6 bxc6 15. b5
c5 16. Nb3 Nxd2 1/2-1/2

[Event "Santo Antonio"]
[Site "Santo Antonio POR"]
[Date "2003.05.22"]
[Round "4.1"]
[White "Spraggett, Kevin"]
[Black "Rocha, Sergio"]
[Result "1-0"]
[WhiteElo "2526"]
[BlackElo "2364"]
[PlyCount "85"]
[EventDate "2003.05.19"]
[EventType "tourn"]
[EventRounds "9"]
[EventCountry "POR"]
[EventCategory "8"]
[Source "ChessBase"]
[SourceDate "2003.07.09"]

1. e4 e5 2. Nf3 Nc6 3. Bb5 f5 4. Bxc6 dxc6 5. Nc3 Qf6 6. O-O Bc5 7. Re1 f4 8.
d4 exd4 9. e5 Qg6 10. Ne4 Bb6 11. Bxf4 Bg4 12. Qd3 O-O-O 13. Nh4 Qh5 14. h3 Be6
15. Ng5 Bd5 16. Nf5 Qg6 17. e6 Re8 18. Rad1 c5 19. c4 Bc6 20. g4 Nh6 21. Nh4
Qf6 22. Qg3 Ba5 23. Re5 Qe7 24. Qd3 Rhf8 25. Bg3 g6 26. f4 Ng8 27. Rf1 a6 28.
Kh2 Bb6 29. Ngf3 Qg7 30. a3 a5 31. b4 Qe7 32. b5 Bxf3 33. Nxf3 Qg7 34. f5 h5
35. Nh4 Ne7 36. fxg6 Rxf1 37. Qxf1 Rf8 38. Nf5 Qf6 39. Nxe7+ Qxe7 40. Qxf8+
Qxf8 41. e7 Qe8 42. g7 Kd7 43. Rd5+ 1-0

[Event "Santo Antonio"]
[Site "Santo Antonio POR"]
[Date "2003.05.23"]
[Round "5.1"]
[White "Vitor, Antonio"]
[Black "Spraggett, Kevin"]
[Result "0-1"]
[WhiteElo "2311"]
[BlackElo "2526"]
[PlyCount "74"]
[EventDate "2003.05.19"]
[EventType "tourn"]
[EventRounds "9"]
[EventCountry "POR"]
[EventCategory "8"]
[Source "ChessBase"]
[SourceDate "2003.07.09"]

1. d4 f5 2. Bg5 g6 3. e4 fxe4 4. Nc3 Bg7 5. Nxe4 d5 6. Nc5 b6 7. Nb3 Nh6 8. h4
Nf7 9. Nf3 Bg4 10. Be2 O-O 11. Ne5 Bxe2 12. Qxe2 Nxe5 13. dxe5 Nc6 14. O-O-O
Nxe5 15. f4 Nf7 16. Bxe7 Re8 17. Rhe1 Qd7 18. Qe6 Qxe6 19. Rxe6 Nh6 20. Rde1
Kf7 21. R6e2 c5 22. h5 gxh5 23. Nd2 Nf5 24. Nf3 h6 25. Bh4 Rxe2 26. Rxe2 Rg8
27. Be1 d4 28. b3 Bf6 29. Bd2 h4 30. a4 a5 31. Kd1 Rg3 32. Ng1 d3 33. cxd3 Nd4
34. Re3 Rxg2 35. Nf3 Nxb3 36. Re2 Rg3 37. Kc2 Na1+ 0-1

[Event "Santo Antonio"]
[Site "Santo Antonio POR"]
[Date "2003.05.24"]
[Round "6.1"]
[White "Spraggett, Kevin"]
[Black "Campora, Daniel"]
[Result "1-0"]
[WhiteElo "2526"]
[BlackElo "2506"]
[PlyCount "111"]
[EventDate "2003.05.19"]
[EventType "tourn"]
[EventRounds "9"]
[EventCountry "POR"]
[EventCategory "8"]
[Source "ChessBase"]
[SourceDate "2003.07.09"]

1. e4 e5 2. Nf3 Nc6 3. Bb5 a6 4. Ba4 Nf6 5. O-O Be7 6. Re1 b5 7. Bb3 O-O 8. a4
Bb7 9. d3 d6 10. Nbd2 Na5 11. Ba2 c5 12. Nf1 b4 13. Bd2 Rb8 14. Ne3 Bc8 15. Nc4
Nc6 16. c3 a5 17. h3 Qc7 18. Rc1 Qb7 19. Bg5 Rd8 20. d4 h6 21. d5 Na7 22. Bxf6
Bxf6 23. Nxa5 Qa6 24. Nc4 Bd7 25. b3 Nc6 26. Bb1 Be8 27. Bd3 Qa7 28. Ne3 bxc3
29. Ng4 Be7 30. Rxc3 h5 31. Ne3 g6 32. Nc4 Kg7 33. Rf1 Bd7 34. Nh2 Rf8 35. Bc2
Na5 36. Bd3 Nxc4 37. Bxc4 Qa5 38. Qe1 Qb4 39. Qa1 Ra8 40. Rcc1 Kh7 41. f4 exf4
42. e5 Rae8 43. Nf3 Qb8 44. Rce1 Qd8 45. exd6 Bxd6 46. a5 Re3 47. a6 Qe7 48. a7
Ra8 49. Rxe3 Qxe3+ 50. Kh1 Qe7 51. Re1 Qd8 52. Qa6 Bc7 53. d6 Bb6 54. Re7 Rxa7
55. Ng5+ Kg7 56. Rxf7+ 1-0

[Event "Santo Antonio"]
[Site "Santo Antonio POR"]
[Date "2003.05.25"]
[Round "7.1"]
[White "Razmyslov, Alexander"]
[Black "Spraggett, Kevin"]
[Result "0-1"]
[WhiteElo "2343"]
[BlackElo "2526"]
[PlyCount "94"]
[EventDate "2003.05.19"]
[EventType "tourn"]
[EventRounds "9"]
[EventCountry "POR"]
[EventCategory "8"]
[Source "ChessBase"]
[SourceDate "2003.07.09"]

1. d4 f5 2. c4 Nf6 3. Nc3 e6 4. g3 Bb4 5. Bd2 O-O 6. Bg2 d6 7. Qb3 a5 8. a3
Bxc3 9. Bxc3 a4 10. Qc2 Qe7 11. Nf3 Ne4 12. Nd2 Nxc3 13. Qxc3 e5 14. dxe5 dxe5
15. Qb4 c5 16. Bd5+ Kh8 17. Qc3 Nc6 18. h4 Ra6 19. h5 Nd4 20. e3 f4 21. Be4
fxe3 22. fxe3 Nf5 23. Bxf5 Bxf5 24. O-O-O h6 25. e4 Bg4 26. Rdf1 Rd8 27. Nf3
Bxf3 28. Rxf3 Rd4 29. Kb1 Rf6 30. Rhf1 Rxf3 31. Qxf3 Rxc4 32. Qg4 Rd4 33. Qg6
Kg8 34. Rc1 c4 35. Qf5 b5 36. Qc8+ Rd8 37. Qa6 Qd7 38. Ka2 Rf8 39. Qb6 Qd2 40.
Rc3 Qd7 41. Qc5 Qe8 42. Rc2 Rf1 43. Rd2 Kh7 44. g4 Qe6 45. Qxb5 c3+ 46. Rd5 Rf2
47. Qd7 Qb6 0-1

[Event "Santo Antonio"]
[Site "Santo Antonio POR"]
[Date "2003.05.27"]
[Round "9.1"]
[White "Fernando, Diogo"]
[Black "Spraggett, Kevin"]
[Result "1/2-1/2"]
[WhiteElo "2438"]
[BlackElo "2526"]
[PlyCount "89"]
[EventDate "2003.05.19"]
[EventType "tourn"]
[EventRounds "9"]
[EventCountry "POR"]
[EventCategory "8"]
[Source "ChessBase"]
[SourceDate "2003.07.09"]

1. e4 c5 2. Nf3 e6 3. d4 cxd4 4. Nxd4 a6 5. Nc3 b5 6. Bd3 d6 7. O-O Nf6 8. Re1
Be7 9. a4 b4 10. Na2 e5 11. Nb3 Nc6 12. Bg5 Be6 13. Qe2 Qc8 14. Rad1 O-O 15.
Qf1 a5 16. Bc4 Nd4 17. Bxe6 Nxe6 18. Bxf6 Bxf6 19. c3 Qc6 20. Qb5 Qc7 21. cxb4
Rfb8 22. Rc1 Qd8 23. Qc6 axb4 24. a5 Nd4 25. Nxd4 exd4 26. Rc4 b3 27. Nb4 Rc8
28. Qd5 Rxc4 29. Qxc4 Qxa5 30. Rc1 Qc5 31. Nd3 Qb6 32. Qd5 Rd8 33. g3 h6 34.
Rc6 Qb8 35. Qc4 Qa8 36. Kg2 Re8 37. f3 Qa5 38. Nb4 Rb8 39. Rc8+ Rxc8 40. Qxc8+
Kh7 41. Qf5+ Qxf5 42. exf5 d3 43. Nxd3 g6 44. fxg6+ fxg6 45. Kf2 1/2-1/2

[Event "Pablo Gorbea mem"]
[Site "Madrid ESP"]
[Date "2002.09.17"]
[Round "2"]
[White "Spraggett, Kevin"]
[Black "Morales Quintero, Jose Miguel"]
[Result "1-0"]
[WhiteElo "2533"]
[BlackElo "2129"]
[PlyCount "51"]
[EventDate "2002.09.16"]
[EventType "swiss"]
[EventRounds "9"]
[EventCountry "ESP"]
[Source "Mark Crowther"]
[SourceDate "2002.09.23"]

1. e4 d6 2. d4 Nf6 3. Nc3 g6 4. Be3 Nbd7 5. Qd2 c6 6. Nf3 Qa5 7. Bd3 Bg7 8. O-O
O-O 9. h3 a6 10. a4 Qc7 11. a5 c5 12. Rfe1 cxd4 13. Bxd4 e5 14. Be3 Nc5 15. b4
Ne6 16. Na4 Nh5 17. Nb6 Rb8 18. Nd5 Qd7 19. Ba7 Nef4 20. Bxb8 Nxg2 21. Bf1 Nxe1
22. Rxe1 f5 23. Nb6 Qc6 24. Qd5+ Kh8 25. Qxc6 bxc6 26. Bxd6 1-0

[Event "Pablo Gorbea mem"]
[Site "Madrid ESP"]
[Date "2002.09.21"]
[Round "6"]
[White "Spraggett, Kevin"]
[Black "Valles Moreno, Ivan"]
[Result "1-0"]
[WhiteElo "2533"]
[BlackElo "2294"]
[PlyCount "93"]
[EventDate "2002.09.16"]
[EventType "swiss"]
[EventRounds "9"]
[EventCountry "ESP"]
[Source "Mark Crowther"]
[SourceDate "2002.09.23"]

1. e4 c5 2. Nf3 Nc6 3. d4 cxd4 4. Nxd4 e5 5. Nb5 d6 6. N1c3 a6 7. Na3 b5 8. Nd5
Nf6 9. Bg5 Be7 10. Bxf6 Bxf6 11. c3 Bg5 12. Nc2 O-O 13. a4 bxa4 14. Rxa4 a5 15.
Bb5 Bb7 16. O-O Na7 17. Bc4 Nc8 18. b4 Kh8 19. Qd3 g6 20. Rfa1 f5 21. exf5 gxf5
22. bxa5 Ra7 23. Ncb4 Bh6 24. R4a2 Qg5 25. Qd1 Ba8 26. Bf1 Rg7 27. a6 f4 28. f3
e4 29. fxe4 f3 30. Rf2 Rgf7 31. g3 Bg7 32. Bh3 Na7 33. Be6 Rf6 34. Nxf6 Qxf6
35. Bd5 Qxc3 36. Nc2 Nb5 37. Bxa8 Qc5 38. Ra5 Nc3 39. Rxc5 Nxd1 40. Rd5 Nxf2
41. Kxf2 Rxa8 42. Rxd6 Rc8 43. Nd4 Bf8 44. Rd7 Bc5 45. Kxf3 Ra8 46. Ne6 Bb6 47.
Rb7 1-0

[Event "Pablo Gorbea mem"]
[Site "Madrid ESP"]
[Date "2002.09.23"]
[Round "8"]
[White "Spraggett, Kevin"]
[Black "Zapata, Alonso"]
[Result "1/2-1/2"]
[WhiteElo "2533"]
[BlackElo "2549"]
[PlyCount "82"]
[EventDate "2002.09.16"]
[EventType "swiss"]
[EventRounds "9"]
[EventCountry "ESP"]
[Source "Mark Crowther"]
[SourceDate "2002.09.30"]

1. e4 c5 2. Nf3 d6 3. d4 cxd4 4. Nxd4 Nf6 5. Nc3 a6 6. Rg1 g6 7. g4 Bg7 8. Be3
Nc6 9. f3 e5 10. Nxc6 bxc6 11. Qd2 d5 12. g5 d4 13. gxf6 Bxf6 14. Bf2 dxc3 15.
Qxc3 O-O 16. Rd1 Qc7 17. Bc4 Kg7 18. Ke2 a5 19. a3 Re8 20. Rd3 Bh3 21. Kd2 Rad8
22. Kc1 Rxd3 23. cxd3 Rb8 24. Bc5 Be7 25. Bxe7 Qxe7 26. Qxa5 Qf6 27. Kb1 h5 28.
Qc5 h4 29. Qe3 Qd6 30. Ka2 Be6 31. Rc1 Rd8 32. a4 Ra8 33. b3 h3 34. Bxe6 Qxe6
35. Rc4 Qd6 36. Kb2 Rd8 37. a5 Rd7 38. b4 Qb8 39. Kb3 Qb5 40. Qc5 Rxd3+ 41. Kc2
Qa4+ 1/2-1/2

[Event "POR-Tch"]
[Site "Lisbon POR"]
[Date "2002.08.11"]
[Round "1.1"]
[White "Taboas Rodriguez, Daniel"]
[Black "Spraggett, Kevin"]
[Result "1/2-1/2"]
[WhiteElo "2275"]
[BlackElo "2533"]
[PlyCount "49"]
[EventDate "2002.08.11"]
[EventType "team"]
[EventRounds "9"]
[EventCountry "POR"]
[Source "ChessBase"]
[SourceDate "2003.11.25"]

1. d4 Nf6 2. Nf3 d6 3. c4 Nbd7 4. Nc3 c6 5. e4 e5 6. Be2 Be7 7. O-O O-O 8. Be3
a6 9. d5 cxd5 10. cxd5 Ng4 11. Bd2 b5 12. b4 Nb6 13. h3 Nf6 14. Bd3 Bd7 15. Qe2
Qb8 16. Rfc1 Rc8 17. Nh2 Bd8 18. Nf1 g6 19. Kh2 Rc7 20. Ne3 Nh5 21. g3 Nf6 22.
f3 h5 23. h4 Qb7 24. Ned1 Nc4 25. Be1 1/2-1/2

[Event "POR-Tch"]
[Site "Lisbon POR"]
[Date "2002.08.12"]
[Round "2.1"]
[White "Spraggett, Kevin"]
[Black "Mitkov, Nikola"]
[Result "1/2-1/2"]
[WhiteElo "2533"]
[BlackElo "2502"]
[PlyCount "113"]
[EventDate "2002.08.11"]
[EventType "team"]
[EventRounds "9"]
[EventCountry "POR"]
[Source "ChessBase"]
[SourceDate "2003.11.25"]

1. e4 d6 2. d4 Nf6 3. Nc3 e5 4. Nf3 Nbd7 5. Bc4 Be7 6. O-O O-O 7. Re1 c6 8. a4
a5 9. b3 exd4 10. Nxd4 Nc5 11. Bb2 Be6 12. Bxe6 fxe6 13. Qe2 Nfd7 14. Rad1 Rf7
15. g3 Qb6 16. Kg2 Bf6 17. f4 Re8 18. Nf3 Qc7 19. Qd2 Be7 20. h4 h6 21. Re2 Rb8
22. e5 dxe5 23. Nxe5 Nxe5 24. Rxe5 Rd8 25. Qe2 Rxd1 26. Nxd1 b6 27. Re3 Qd7 28.
Nf2 Qd5+ 29. Ne4 Nxe4 30. Rxe4 Bf6 31. c4 Qf5 32. Bxf6 Rxf6 33. Re5 Qg6 34. h5
Qf7 35. c5 bxc5 36. Rxc5 Rf5 37. Re5 Qb7 38. Rxf5 exf5 39. Qe6+ Kh8 40. Kf2
Qb6+ 41. Ke2 Qc5 42. Kd3 Kh7 43. Qe5 Qf2 44. Qxf5+ Kh8 45. g4 Qf1+ 46. Kd4 Qd1+
47. Kc5 Qxb3 48. Qc8+ Kh7 49. Qxc6 Qb4+ 50. Kd5 Qd2+ 51. Ke5 Qb2+ 52. Kf5 Qb1+
53. Qe4 Qb8 54. g5 Qc8+ 55. Ke5+ Kh8 56. Qg6 Qc5+ 57. Ke4 1/2-1/2

[Event "POR-Tch"]
[Site "Lisbon POR"]
[Date "2002.08.13"]
[Round "3.1"]
[White "Fernando, Diogo"]
[Black "Spraggett, Kevin"]
[Result "1/2-1/2"]
[WhiteElo "2371"]
[BlackElo "2533"]
[PlyCount "55"]
[EventDate "2002.08.11"]
[EventType "team"]
[EventRounds "9"]
[EventCountry "POR"]
[Source "ChessBase"]
[SourceDate "2003.11.25"]

1. e4 c5 2. Nf3 e6 3. d4 cxd4 4. Nxd4 a6 5. Nc3 Qc7 6. Bd3 Nc6 7. Nxc6 dxc6 8.
O-O e5 9. f4 Nf6 10. Kh1 h5 11. Qf3 Ng4 12. f5 Bc5 13. Qg3 b5 14. a4 b4 15. Nd1
Bb7 16. Ne3 Bxe3 17. Bxe3 c5 18. Bg1 c4 19. Be2 O-O-O 20. Bxg4 hxg4 21. Qxg4 f6
22. a5 Qc6 23. Bb6 Rd7 24. Rfe1 c3 25. bxc3 Qxc3 26. Rad1 Rxd1 27. Qxd1 Bc6 28.
Re3 1/2-1/2

[Event "POR-Tch"]
[Site "Lisbon POR"]
[Date "2002.08.14"]
[Round "4.1"]
[White "Spraggett, Kevin"]
[Black "Costa, Fernando V"]
[Result "1-0"]
[WhiteElo "2533"]
[BlackElo "2225"]
[PlyCount "39"]
[EventDate "2002.08.11"]
[EventType "team"]
[EventRounds "9"]
[EventCountry "POR"]
[Source "ChessBase"]
[SourceDate "2003.11.25"]

1. e4 e5 2. Nf3 Nf6 3. d3 Nc6 4. c3 d5 5. Nbd2 Bc5 6. b4 dxe4 7. dxe4 Bd6 8.
Qc2 a6 9. Be2 O-O 10. O-O Bg4 11. h3 Bh5 12. Re1 Bg6 13. a3 Ne7 14. Bd3 b5 15.
Nb3 Nd7 16. c4 c6 17. Bb2 f6 18. Red1 Rc8 19. Be2 Bb8 20. Nc5 1-0

[Event "POR-Tch"]
[Site "Lisbon POR"]
[Date "2002.08.15"]
[Round "5.1"]
[White "Vitor, Antonio"]
[Black "Spraggett, Kevin"]
[Result "0-1"]
[WhiteElo "2294"]
[BlackElo "2533"]
[PlyCount "106"]
[EventDate "2002.08.11"]
[EventType "team"]
[EventRounds "9"]
[EventCountry "POR"]
[Source "ChessBase"]
[SourceDate "2003.11.25"]

1. e4 c5 2. Nf3 e6 3. d4 cxd4 4. Nxd4 a6 5. Bd3 Nf6 6. O-O d6 7. c4 Nbd7 8. Qe2
Qc7 9. b3 g6 10. Bd2 Bg7 11. Nc3 O-O 12. Nf3 b6 13. Rac1 Bb7 14. Rfd1 Rfe8 15.
Bb1 Ng4 16. h3 Nge5 17. Nxe5 Nxe5 18. Na4 Bf8 19. Qe3 Nd7 20. Qg3 Nc5 21. Nc3
Nd7 22. Ne2 Rac8 23. h4 Qb8 24. Bf4 e5 25. Be3 b5 26. cxb5 axb5 27. Nc3 b4 28.
Nd5 Bxd5 29. Rxd5 Nf6 30. Rdd1 h5 31. Bg5 Ng4 32. Bd3 d5 33. exd5 Bc5 34. Rxc5
Rxc5 35. Bc4 Qd6 36. Bc1 Ra8 37. f3 Rxc4 38. bxc4 Qc5+ 39. Kf1 Qxc4+ 40. Kg1
Qc5+ 41. Kf1 Qc2 42. Re1 Qd3+ 43. Kg1 Rxa2 44. d6 Qd4+ 45. Kh1 Nf2+ 46. Kh2 Nd3
47. Rd1 Qxd6 48. Rxd3 Qxd3 49. Qxe5 Qe2 50. Qg5 b3 51. f4 b2 52. Qd8+ Kh7 53.
Qd5 Qe6 0-1

[Event "POR-Tch"]
[Site "Lisbon POR"]
[Date "2002.08.17"]
[Round "7.1"]
[White "Rocha, Sergio"]
[Black "Spraggett, Kevin"]
[Result "1/2-1/2"]
[WhiteElo "2381"]
[BlackElo "2533"]
[PlyCount "50"]
[EventDate "2002.08.11"]
[EventType "team"]
[EventRounds "9"]
[EventCountry "POR"]
[Source "ChessBase"]
[SourceDate "2003.11.25"]

1. c4 f5 2. d4 Nf6 3. g3 g6 4. Bg2 Bg7 5. Nf3 O-O 6. Nc3 d6 7. Qc2 Nc6 8. d5
Na5 9. Nd2 c5 10. a3 b6 11. O-O Bd7 12. b4 Nb7 13. Bb2 cxb4 14. axb4 a5 15.
bxa5 Nxa5 16. Nb5 Rc8 17. Qa4 Qe8 18. Qb4 Bxb5 19. cxb5 Rc5 20. Bxf6 Bxf6 21.
Rab1 Qd7 22. Rfd1 Rfc8 23. e3 Rc2 24. Nf3 R8c4 25. Qe1 Ra4 1/2-1/2

[Event "POR-Tch"]
[Site "Lisbon POR"]
[Date "2002.08.18"]
[Round "8.1"]
[White "Spraggett, Kevin"]
[Black "Carapau, Fernando"]
[Result "1-0"]
[WhiteElo "2533"]
[BlackElo "1710"]
[PlyCount "51"]
[EventDate "2002.08.11"]
[EventType "team"]
[EventRounds "9"]
[EventCountry "POR"]
[Source "ChessBase"]
[SourceDate "2003.11.25"]

1. e4 Nc6 2. Nf3 d6 3. d4 e6 4. c3 Be7 5. Bd3 Nf6 6. Nbd2 a6 7. O-O O-O 8. Re1
Re8 9. Nf1 Bd7 10. Ng3 e5 11. h3 Bf8 12. a3 b5 13. b4 Qc8 14. Bb2 Bxh3 15. gxh3
Qxh3 16. Bf1 Qg4 17. Nh2 Qg6 18. Qf3 h5 19. Kh1 Ng4 20. Bh3 Nxh2 21. Kxh2 h4
22. Nh5 Kh8 23. Rg1 Qh6 24. Bc1 Qh7 25. Nf6 gxf6 26. Bf5 1-0

[Event "POR-Tch"]
[Site "Lisbon POR"]
[Date "2002.08.19"]
[Round "9.1"]
[White "Fernandes, Antonio"]
[Black "Spraggett, Kevin"]
[Result "1/2-1/2"]
[WhiteElo "2469"]
[BlackElo "2533"]
[PlyCount "20"]
[EventDate "2002.08.11"]
[EventType "team"]
[EventRounds "9"]
[EventCountry "POR"]
[Source "ChessBase"]
[SourceDate "2003.11.25"]

1. e4 c6 2. d4 d5 3. Nc3 dxe4 4. Nxe4 Bf5 5. Ng3 Bg6 6. h4 h6 7. h5 Bh7 8. Nf3
Nd7 9. Bd3 Bxd3 10. Qxd3 Ngf6 1/2-1/2

[Event "Santo Antonio"]
[Site "Santo Antonio POR"]
[Date "2002.05.20"]
[Round "1"]
[White "Fernandes, Antonio"]
[Black "Spraggett, Kevin"]
[Result "1-0"]
[WhiteElo "2449"]
[BlackElo "2515"]
[PlyCount "55"]
[EventDate "2002.05.20"]
[EventType "tourn"]
[EventRounds "9"]
[EventCountry "POR"]
[EventCategory "9"]
[Source "Mark Crowther"]
[SourceDate "2002.05.27"]

1. e4 c5 2. c3 e6 3. d4 d5 4. exd5 exd5 5. Nf3 Nf6 6. Bb5+ Bd7 7. Bxd7+ Nbxd7
8. O-O Be7 9. dxc5 Nxc5 10. Nd4 Qd7 11. Qf3 O-O 12. Nf5 Bd8 13. Be3 Nce4 14.
Nd2 g6 15. Nh6+ Kg7 16. Rad1 Qc6 17. Nb3 Rc8 18. Nd4 Qd7 19. Qf4 Kh8 20. Nf3
Qe7 21. Bd4 Bc7 22. Qh4 Bb6 23. Be5 Kg7 24. Rxd5 Rc4 25. b3 Rc5 26. Qxe4 Rxd5
27. Qxd5 Kxh6 28. Qd2+ 1-0

[Event "Santo Antonio"]
[Site "Santo Antonio POR"]
[Date "2002.05.21"]
[Round "2"]
[White "Spraggett, Kevin"]
[Black "Korneev, Oleg"]
[Result "1-0"]
[WhiteElo "2515"]
[BlackElo "2599"]
[PlyCount "105"]
[EventDate "2002.05.20"]
[EventType "tourn"]
[EventRounds "9"]
[EventCountry "POR"]
[EventCategory "9"]
[Source "Mark Crowther"]
[SourceDate "2002.05.27"]

1. e4 e5 2. Nf3 Nc6 3. Bb5 Nf6 4. O-O Nxe4 5. d4 Nd6 6. Bxc6 dxc6 7. dxe5 Nf5
8. Qxd8+ Kxd8 9. Nc3 h6 10. b3 a5 11. Bb2 Be6 12. a4 Bb4 13. Rad1+ Ke8 14. Ne2
Rd8 15. Rxd8+ Kxd8 16. Nf4 Re8 17. h3 Bf8 18. Nxe6+ fxe6 19. Rd1+ Kc8 20. Kf1
Bc5 21. Ke2 Rd8 22. Rxd8+ Kxd8 23. g4 Ne7 24. Ne1 Nd5 25. Nd3 Be7 26. c4 Nb4
27. Nf4 Kd7 28. Bc3 Na6 29. Nd3 b6 30. f4 g6 31. Kf3 Nc5 32. Nxc5+ Bxc5 33. Ke4
Ke7 34. Bd2 Bf2 35. b4 axb4 36. Bxb4+ c5 37. Bd2 c6 38. f5 g5 39. a5 bxa5 40.
Bxa5 Kd7 41. Bb6 Bg1 42. Ba7 Ke7 43. Bb8 Kf7 44. Bc7 Bf2 45. Bd8 Be1 46. Bf6
Ba5 47. h4 gxh4 48. Bxh4 Bb6 49. Bf2 Ba7 50. Be3 exf5+ 51. Kxf5 Kg7 52. e6 Bb6
53. Bxh6+ 1-0